zpět

Detail výsledku týmu

Eden, Heřmanův Městec

Datum a čas kvízu

23.5 Celkem bodů Celkový počet nahraných bodů na tomto kvízu bez doplňovacích otázek.
9. Pořadí na kvízu Konečné umístění týmu na tomto kvízu.

Zaznamenané odpovědi

# Otázka Odpověď Body Výsledky
1. Starosta jedné městské části T... v Brně 1
2. Koncem týdne jsme se dozvěděli... Skype 1
3. Jak se nazývá film, který v no... Anora 0
4. Jak se nazývá nová platforma,... Oneplay 0
5. Jeden známý fotbalista dostal... Lionel Messi 0
6. Jak zní oficiální anglický náz... Montenegro 1
7. Na okraji obce ve Zlínském kra... Modrá 0
8. Která známá historická osobnos... Adolf Hitler 0
9. Jak se jmenuje národní park, v... Yellowstonský národní park 1
10. Jak se nazývá německé pohoří,... Černý les (Schwarzwald) 1